00558nam a2200181 a 4500008004100000020001500041050001500056100002200071245004100093260004600134300002200180350000900202650002700211650001500238700003600253700003300289710005400322120416s1989 ||||||||||||||||| || u a0538071257 aTS 155 Fog aFogarty, Donald W10aProduction and operations management aCincinnati :bSouth-western Pub. Coc1989 axiv, 825p. : ill. a0.00 0aPRODUCTION MANAGEMENT  aPRODUCTION aHoffmann, Thomas Russell, 1933- aStonebraker, Peter W., 1942- aAmerican Production and Inventory Control Society